000 00373nam a22000977a 4500
008 150617b xxu||||| |||| 00| 0 eng d
010 _8HCCSF:98
245 _aHIGH COURT CIVIL SUIT NO.000127 OF 2006 Fred Musoke,Charles Kyagulanyi,Richard Yawe,Nankabirwa Justine Vs Robinah Nalwanga
260 _aHigh Court Kampala
500 _3BEFORE:The Honourable Mr.Justice FMS Egonda-Ntende
999 _c6342
_d6342